000 00446nam a2200181Ia 4500
001 4608
005 20260306145808.0
008 260306t2004||||xx |||||||||||||| ||spa||
041 _aESP
082 _a327.73
_bCH564
100 _aChomsky, Noam
_eAUT
245 0 _aHegemonía o supervivencia:
_bel dominio mundial de EEUU
260 _c2004
300 _a368 páginas :
_c21 cm.
650 _aGEN
654 _aCHU
942 _cLIB
_dJUS
_fJUS
_2ddc
_n
999 _c4608
_d4608